|
|
|
|
| LEADER |
01237nam a2200277 a 4500 |
| 001 |
3199962 |
| 008 |
090907s1976 fr a b i000 0 eng d |
| 010 |
|
|
|a \\\77378086
|
| 020 |
|
|
|a 9231013726
|
| 040 |
|
|
|a DLC
|c DLC
|d DLC
|
| 082 |
0 |
0 |
|a 371.2/009549/3
|2 18
|
| 100 |
1 |
|
|a Ariyadasa, K. D.
|
| 245 |
1 |
0 |
|a Management of educational reforms in Sri Lanka /
|c by K. D. Ariyadasa.
|
| 260 |
|
|
|a Paris :
|b Unesco Press,
|c 1976.
|
| 300 |
|
|
|a 41 p. :
|b ill. ;
|c 21 cm.
|
| 490 |
1 |
|
|a Experiments and innovations in education : Asian series ; 25
|
| 500 |
|
|
|a Prepared for the Asian Centre of Educational Innovation for Development.
|
| 504 |
|
|
|a Includes bibliographical references.
|
| 541 |
1 |
|
|e 00001494
|
| 650 |
|
0 |
|a School management and organization
|z Sri Lanka.
|
| 710 |
2 |
|
|a Asian Centre of Educational Innovation for Development.
|
| 830 |
|
0 |
|a Experiments and innovations in education ;
|v no. 25.
|
| 830 |
|
0 |
|a Experiments and innovations in education.
|p Asian series.
|
| 852 |
4 |
|
|a Ayesha Abed Library
|j General shelf
|
| 999 |
|
|
|c 3890
|d 3890
|
| 952 |
|
|
|0 0
|1 0
|2 ddc
|4 0
|6 371_200954930000000_ARI_1976
|7 0
|9 3539
|a BRACUL
|b BRACUL
|c GEN
|d 2009-09-13
|g 0.00
|l 0
|o 371.20095493 ARI
|p 3010001494
|r 2009-09-13
|t 1
|w 2009-09-13
|y BK
|x No price found in the accession register.
|